000 00799nam a2200253Ia 4500
003 OSt
005 20221005050038.0
006 a|||||r|||| 00| 0
007 ta
008 221004b |||||||| |||| 00| 0 ben d
020 _a8170793602 (hbk)
_c225
024 _a4219
037 _b791, 20/03/2013, Bright Book Service
_cTextual
040 _aCRL
_cCRL
_bben
041 _2ben
_aben
082 _aO157,1M24w, Q1
100 _aDutt Michael Madhusudan
245 0 _aMichael madhusudan dutt - er jibancharit
260 _aKolkata
_bSudhangshu Sekhar Dey Dey's Publishing India
_c2011
300 _a496p.
_ccm.
650 _aBENGALI LITERATURE
942 _hO157,1M24w, Q1
_cTEXL
_2cc
999 _c956200
_d956200